| 000 | 02778nab a2200349 i 4500 | ||
|---|---|---|---|
| 003 | BR-BrBNA | ||
| 005 | 20250210162455.0 | ||
| 008 | 250210b2016 bl.|r|pooa||| 00| 0 por | | ||
| 040 |
_aBR-BrBNA _bpor |
||
| 072 |
_aL73 _b5240 |
||
| 100 | _aFerreira, B.L.S. | ||
| 100 | _aSilva, D.T. | ||
| 100 | _aPituco, E.M. | ||
| 100 | _a Ribeiro, C.P. | ||
| 100 | _aOkuda, L.H. | ||
| 100 | _aVictoria, C. | ||
| 100 | _aPantoja, J.C.F. | ||
| 100 | _aModolo, J.R. | ||
| 245 | _aAssociação da ocorrência do ectima contagioso (ORF vírus) em ovinos com os cuidadores desses animais | ||
| 500 | _a Publicação online; 19 ref.; 5 illus.; Summaries (En, Pt) | ||
| 520 | _a RESUMO - A enfermidade ectima contagioso está difundida em todo o estado de São Paulo. Foram amostrados 42 (8,64%) cuidadores de animais e 444 (91,36%) ovinos (n=486). A prevalência de reagentes para vírusneutralização foi de 67% (IC95%=62-71%) nos ovinos, e em seus cuidadores de 76% (IC95%=63-89%), sendo P=0,22, ou seja, não houve diferença estatística significativa entre as espécies. A distribuição dos títulos teve diferença estatística significativa entre as espécies, com P=0,0048. As variações de titulação foram de 0,6 a 2,1 tanto nos ovinos quanto nos seus cuidadores. Dentre os 42 cuidadores de ovinos participantes do estudo, 32 apresentaram títulos de anticorpos expressos por log10 acima de 0,6. Palavras-chave: ORF vírus, vírus-neutralização, animais, humanos. | ||
| 520 | _a ABSTRACT - These diseases are all widespread in the State of São Paulo. 42 (8.64%) animal caregivers and 444 (91.36%) sheep (n=486) were sampled. The reagents Prevalence paragraph virus neutralization was 67% (95% CI = 62-71%) in sheep and 76% (95% CI = 63-89%) for caregivers, with P=0.22 not being a statistically significant difference between the species. One of the distribution titles had significant difference between statistics as species with P=0.0048. The titration variations were 0.6 to 2.1, both in sheep and their caregivers. Among the 42 sheep caregivers participating in the study, 32 had antibody securities denominated in log10 above 0.6. Keywords: ORF virus, virus neutralization , animals, humans | ||
| 650 | _aOVINO | ||
| 650 | _aTRANSMISSÃO DE DOENÇA | ||
| 650 | _aVÍRUS | ||
| 650 | _aSAÚDE PÚBLICA | ||
| 650 | _aVETERINÁRIA | ||
| 773 | 0 |
_01643 _9348216 _dBelo Horizonte-MG Universidade Federal de Minas Gerais - Escola de Veterinaria 1983 _o2025-0705 _tArquivo Brasileiro de Medicina Veterinária e Zootecnia (Brazil) _x0102-0935 _gv. 68(6) p. 1523-1530; (2016) _wBR2024004592 |
|
| 856 | _uhttps://www.scielo.br/j/abmvz/a/RJbsNtxg3BjX8ybs6pmSSws/?format=pdf&lang=pt | ||
| 942 | _cANA | ||
| 999 |
_c329900 _d329900 |
||